Manual Práctico para Actividades de Servicio del Sector Transporte Hidrocarburos para el Departamento del Meta (Registro nro. 8945)

Detalles MARC
000 -CABECERA
Campo de control 01082nam a22002537a 4500
005 - FECHA Y HORA DE LA ULTIMA TRANSACCION
Campo de control 20150114121305.0
008 - ELEMENTOS DE LONGITUD FIJA—INFORMACION GENERAL
Campo de control 150109b2012 ck || |r|||| 00| 0 spa d
020 ## - ISBN
ISBN 9789585745025
040 ## - FUENTE DE CATALOGACIÓN
Agencia catalogadora original CO-BoIAVH
Agencia transcriptora CO-BoIAVH
041 ## - IDIOMA
Código de idioma para texto/pista de sonido o título separado Español
044 ## - PAÍS DE PUBLICACIÓN
País de publicación Colombia
090 ## - CLASIFICACIÓN LOCAL
Colección EA
Consecutivo 00241
100 1# - ASIENTO PRINCIPAL--NOMBRE PERSONAL
Nombre personal Pardo, Andrés
245 ## - MENCION DE TITULO
Título Manual Práctico para Actividades de Servicio del Sector Transporte Hidrocarburos para el Departamento del Meta
Mención de responsabilidad Andrés, Pardo...(et al.)
260 ## - PUBLICACION, DISTRIBUCION, ETC. (PIE DE IMPRENTA)
Lugar de publicación, distribución, etc. Villavicencio :
Nombre del editor, distribuidor, etc. Corporación para el Desarrollo Sostenible La Macarena,
-- Ecopetrol,
Fecha de publicación, distribución, etc. 2012
300 ## - DESCRIPCION FISICA
Extensión 52 pag
Otros detalles físicos Tab, il, fot (col).
Dimensiones 28 cm
650 #6 - ASIENTO SECUNDARIO DE MATERIA - TERMINO TEMATICO
Término temático o nombre geográfico como elemento de entrada Transporte
Subdivisión general Productos químicos
Subdivisión geográfica Meta (Dpt. Colombia)
650 ## - ASIENTO SECUNDARIO DE MATERIA - TERMINO TEMATICO
Término temático o nombre geográfico como elemento de entrada Transporte
Subdivisión general Sustancias peligrosas
Subdivisión geográfica Meta (Dpt. Colombia)
650 ## - ASIENTO SECUNDARIO DE MATERIA - TERMINO TEMATICO
Término temático o nombre geográfico como elemento de entrada Transporte
Subdivisión general Aspectos ambientales
Subdivisión geográfica Meta (Dpt. Colombia)
650 #6 - ASIENTO SECUNDARIO DE MATERIA - TERMINO TEMATICO
Término temático o nombre geográfico como elemento de entrada Transporte
Subdivisión general Residuos Industriales
Subdivisión geográfica Meta (Dpt. Colombia)
650 ## - ASIENTO SECUNDARIO DE MATERIA - TERMINO TEMATICO
Término temático o nombre geográfico como elemento de entrada Transporte
Subdivisión general Medidas de Seguridad
Subdivisión geográfica Meta (Dpt. Colombia)
700 ## - ASIENTO SECUNDARIO - NOMBRE PERSONAL
Nombre personal Leal-Rubiano, Julio
942 ## - ELEMENTOS ADICIONALES (KOHA)
Sistema de clasificación Local
Tipo de ítem Libro
Existencias
Withdrawn status Lost status Sistema de Clasificación Damaged status No para préstamo Colección Inventariado Ubicación Permanente Ubicación actual Fecha de adquisición Fuente de Valor Valor Total Checkouts Número topográfico Inventario / Código de Barras Date last seen Ejemplar Price effective from Forma de adquisición Tipo de material
    Local     Educación Ambiental Inventariado 2017 Sala Fabio Quevedo Sala Fabio Quevedo 09/01/2015 Instituto 39000.00   EA-00241 034804 09/01/2015 Ej. 1 09/01/2015   Libro